[Event "DFMMLV 2019"]
[Site "Braunfels"]
[Date "2019.06.23"]
[Round "5.46"]
[White "Biesdorf, Ina"]
[Black "Albayrak, Nese Pinar"]
[Result "0-1"]
[WhiteElo "1405"]
[BlackElo "1530"]
[Annotator "NA"]
[PlyCount "150"]
[EventDate "2019.06.20"]
[EventType "team-tourn"]
[EventCountry "GER"]
[SourceTitle "playchess.com"]
[Source "ChessBase"]
[SourceQuality "1"]
[WhiteTeam "Hessen 2"]
[BlackTeam "Bayern 2"]
[TimeControl "40/5400+30:1800+30"]

1. d4 {[%emt 0:00:00]} d5 {[%emt 0:00:00]} 2. Bf4 {[%emt 0:00:00]} c6 {[%emt 0:00:00]} 3. e3 {[%emt 0:00:00]} Bf5 {[%emt 0:00:02]} 4. c4 {[%emt 0:00:14]} Nf6 {[%emt 0:00:34]} 5. Nc3 {[%emt 0:00:45]} e6 {[%emt 0:01:06]} 6. Nf3 {[%emt 0:02:02]} Nbd7 {[%emt 0:02:32]} 7. Be2 {[%emt 0:01:32]} Be7 {[%emt 0:03:31]} 8. O-O {[%emt 0:04:29]} O-O {[%emt 0:00:24]} 9. h3 {[%emt 0:05:29]} Re8 {[%emt 0:05:28]} 10. Rc1 {[%emt 0:14:48]} Nf8 {[%emt 0:06:15]} 11. cxd5 {[%emt 0:01:15]} exd5 {[%emt 0:01:31]} 12. Qb3 {[%emt 0:08:47]} Qb6 {[%emt 0:04:57]} 13. Qxb6 {[%emt 0:07:25]} axb6 {[%emt 0:00:10]} 14. a4 {[%emt 0:08:58]} Ne6 {[%emt 0:05:54]} 15. Bh2 {[%emt 0:05:09]} Ne4 {[%emt 0:11:22]} 16. b3 {[%emt 0:07:31]} Ba3 {[%emt 0:03:31]} 17. Rc2 {[%emt 0:03:33]} Ng3 {[%emt 0:07:28]} 18. Ra2 {[%emt 0:01:59]} Nxf1 {[%emt 0:02:21]} 19. Rxa3 {[%emt 0:01:11]} Nxh2 {[%emt 0:00:09]} 20. Nxh2 {[%emt 0:00:18]} b5 {[%emt 0:01:12]} 21. Ra2 {[%emt 0:01:53]} b4 {[%emt 0:04:27]} 22. Nd1 {[%emt 0:00:32]} b6 {[%emt 0:03:17]} 23. h4 {[%emt 0:00:56]} Nc7 {[%emt 0:07:31]} 24. g4 {[%emt 0:01:38]} Be6 {[%emt 0:00:19]} 25. Rc2 {[%emt 0:00:38]} Bd7 {[%emt 0:02:47]} 26. Nb2 {[%emt 0:02:10]} f6 {[%emt 0:07:57]} 27. Nd3 {[%emt 0:00:29]} Na6 {[%emt 0:00:21]} 28. Ne1 {[%emt 0:01:01]} Rec8 {[%emt 0:06:10]} 29. Bf3 {[%emt 0:00:25]} Be6 {[%emt 0:04:22]} 30. Bg2 {[%emt 0:00:32]} Ra7 {[%emt 0:02:13]} 31. f4 {[%emt 0:00:41]} c5 {[%emt 0:02:33]} 32. f5 {[%emt 0:00:38]} Bf7 {[%emt 0:00:04]} 33. Bf1 {[%emt 0:01:03]} Nb8 {[%emt 0:02:50]} 34. Nd3 {[%emt 0:00:25]} Rac7 {[%emt 0:00:24]} 35. Nf3 {[%emt 0:01:09]} Na6 {[%emt 0:01:37]} 36. Nde1 {[%emt 0:00:47]} c4 {[%emt 0:00:23]} 37. Rb2 {[%emt 0:01:04]} Nb8 {[%emt 0:01:11]} 38. bxc4 {[%emt 0:00:13]} dxc4 {[%emt 0:00:05]} 39. Rxb4 {[%emt 0:00:10]} c3 {[%emt 0:01:26]} 40. Rb1 {[%emt 0:00:07]} c2 {[%emt 0:00:17]} 41. Rc1 {[%emt 0:30:11]} Be8 {[%emt 0:00:49]} 42. Nd3 {[%emt 0:00:00]} Rc3 {[%emt 0:11:48]} 43. Nd2 {[%emt 0:00:00]} Bxa4 {[%emt 0:02:10]} 44. e4 {[%emt 0:00:00]} Bb5 {[%emt 0:01:40]} 45. Nb4 {[%emt 0:00:00]} Bxf1 {[%emt 0:03:45]} 46. Kxf1 {[%emt 0:00:00]} Rh3 {[%emt 0:01:09]} 47. Rxc2 {[%emt 0:00:00]} Rxc2 {[%emt 0:00:18]} 48. Nxc2 {[%emt 0:00:00]} Rh2 {[%emt 0:00:21]} 49. Ke1 {[%emt 0:00:00]} Rxh4 {[%emt 0:00:33]} 50. Ne3 {[%emt 0:00:00]} Rh1+ {[%emt 0:00:32]} 51. Ke2 {[%emt 0:00:00]} Ra1 {[%emt 0:00:07]} 52. Kd3 {[%emt 0:00:00]} b5 {[%emt 0:00:20]} 53. d5 {[%emt 0:00:00]} Ra4 {[%emt 0:00:47]} 54. Nc2 {[%emt 0:00:00]} Nd7 {[%emt 0:01:38]} 55. Kc3 {[%emt 0:00:00]} Nc5 {[%emt 0:02:04]} 56. Nb4 {[%emt 0:00:00]} Na6 {[%emt 0:01:47]} 57. Nxa6 {[%emt 0:00:00]} Rxa6 {[%emt 0:00:01]} 58. Kb4 {[%emt 0:00:00]} Ra2 {[%emt 0:01:40]} 59. Nb3 {[%emt 0:00:00]} Rg2 {[%emt 0:01:43]} 60. d6 {[%emt 0:00:00]} Kf8 {[%emt 0:00:25]} 61. Kxb5 {[%emt 0:00:00]} Rxg4 {[%emt 0:01:32]} 62. Nc5 {[%emt 0:00:00]} Rg1 {[%emt 0:01:08]} 63. Kc6 {[%emt 0:00:00]} Rc1 {[%emt 0:00:26]} 64. Kd5 {[%emt 0:00:00]} Rxc5+ {[%emt 0:01:34]} 65. Kxc5 {[%emt 0:00:00]} Ke8 {[%emt 0:00:03]} 66. Kd5 {[%emt 0:00:00]} Kd7 {[%emt 0:00:25]} 67. e5 {[%emt 0:00:00]} fxe5 {[%emt 0:00:06]} 68. Kxe5 {[%emt 0:00:00]} h5 {[%emt 0:00:18]} 69. Kf4 {[%emt 0:00:00]} Kxd6 {[%emt 0:00:22]} 70. Kg5 {[%emt 0:00:00]} Ke5 {[%emt 0:00:54]} 71. f6 {[%emt 0:00:00]} gxf6+ {[%emt 0:00:06]} 72. Kxh5 {[%emt 0:00:00]} Kf4 {[%emt 0:02:41]} 73. Kh4 {[%emt 0:00:00]} Kf3 {[%emt 0:02:11]} 74. Kh3 {[%emt 0:00:00]} f5 {[%emt 0:00:11]} 75. Kh2 {[%emt 0:00:00]} f4 {[%emt 0:00:51]} 0-1

[Event "DFMMLV 2019"]
[Site "Braunfels"]
[Date "2019.06.23"]
[Round "5.47"]
[White "Weber, Leonora"]
[Black "Biesdorf, Ina"]
[Result "*"]
[WhiteElo "1712"]
[BlackElo "1405"]
[Annotator "NA"]
[PlyCount "29"]
[EventDate "2019.06.20"]
[EventType "team-tourn"]
[EventCountry "GER"]
[SourceTitle "playchess.com"]
[Source "ChessBase"]
[SourceQuality "1"]
[WhiteTeam "Bayern 2"]
[BlackTeam "Hessen 2"]
[TimeControl "40/5400+30:1800+30"]

1. e4 {[%emt 0:00:00]} e5 {[%emt 0:00:00]} 2. Nf3 {[%emt 0:00:00]} Nc6 {[%emt 0:00:00]} 3. Bc4 {[%emt 0:00:00]} Bc5 {[%emt 0:00:10]} 4. c3 {[%emt 0:00:00]} Nf6 {[%emt 0:00:22]} 5. d4 {[%emt 0:00:00]} exd4 {[%emt 0:00:35]} 6. cxd4 {[%emt 0:00:00]} Bb4+ {[%emt 0:00:54]} 7. Bd2 {[%emt 0:00:00]} Bxd2+ {[%emt 0:04:52]} 8. Nbxd2 {[%emt 0:00:02]} d5 {[%emt 0:01:21]} 9. exd5 {[%emt 0:00:11]} Nxd5 {[%emt 0:00:18]} 10. Qb3 {[%emt 0:01:54]} Nce7 {[%emt 0:08:29]} 11. O-O {[%emt 0:01:13]} O-O {[%emt 0:01:20]} 12. Ne4 {[%emt 0:01:02]} b6 {[%emt 0:07:15]} 13. Rac1 {[%emt 0:10:26]} Bb7 {[%emt 0:01:48]} 14. Nc3 {[%emt 0:15:44]} Nf4 {[%emt 0:05:03]} 15. d5 {[%emt 0:10:21]} *

[Event "DFMMLV 2019"]
[Site "Braunfels"]
[Date "2019.06.23"]
[Round "5.47"]
[White "Weber, Leonora"]
[Black "Dixon Quiroz, Laura Michaela"]
[Result "0-1"]
[WhiteElo "1712"]
[BlackElo "1258"]
[Annotator "NA"]
[PlyCount "54"]
[EventDate "2019.06.20"]
[EventType "team-tourn"]
[EventCountry "GER"]
[SourceTitle "playchess.com"]
[Source "ChessBase"]
[SourceQuality "1"]
[WhiteTeam "Bayern 2"]
[BlackTeam "Hessen 2"]
[TimeControl "40/5400+30:1800+30"]

1. e4 {[%emt 0:00:00]} e5 {[%emt 0:00:00]} 2. Nf3 {[%emt 0:00:00]} Nc6 {[%emt 0:00:00]} 3. Bc4 {[%emt 0:00:00]} Bc5 {[%emt 0:00:10]} 4. c3 {[%emt 0:00:00]} Nf6 {[%emt 0:00:22]} 5. d4 {[%emt 0:00:00]} exd4 {[%emt 0:00:35]} 6. cxd4 {[%emt 0:00:00]} Bb4+ {[%emt 0:00:54]} 7. Bd2 {[%emt 0:00:00]} Bxd2+ {[%emt 0:04:52]} 8. Nbxd2 {[%emt 0:00:02]} d5 {[%emt 0:01:21]} 9. exd5 {[%emt 0:00:11]} Nxd5 {[%emt 0:00:18]} 10. Qb3 {[%emt 0:01:54]} Nce7 {[%emt 0:08:29]} 11. O-O {[%emt 0:01:13]} O-O {[%emt 0:01:20]} 12. Ne4 {[%emt 0:01:02]} b6 {[%emt 0:07:15]} 13. Rac1 {[%emt 0:10:26]} Bb7 {[%emt 0:01:48]} 14. Nc3 {[%emt 0:15:44]} Nf4 {[%emt 0:05:03]} 15. d5 {[%emt 0:10:21]} Nfxd5 {[%emt 0:13:45]} 16. Rcd1 {[%emt 0:12:25]} c6 {[%emt 0:02:03]} 17. Ne5 {[%emt 0:00:44]} Qd6 {[%emt 0:08:10]} 18. Nxc6 {[%emt 0:01:19]} Bxc6 {[%emt 0:01:04]} 19. Nxd5 {[%emt 0:00:20]} Nxd5 {[%emt 0:01:30]} 20. Bxd5 {[%emt 0:00:22]} Bxd5 {[%emt 0:03:38]} 21. Rxd5 {[%emt 0:01:05]} Qe6 {[%emt 0:03:43]} 22. Rfd1 {[%emt 0:01:27]} Rfe8 {[%emt 0:01:47]} 23. h3 {[%emt 0:07:43]} h6 {[%emt 0:02:18]} 24. Qa3 {[%emt 0:12:07]} Re7 {[%emt 0:05:31]} 25. Rd8+ {[%emt 0:04:30]} Rxd8 {[%emt 0:00:44]} 26. Rxd8+ {[%emt 0:00:02]} Kh7 {[%emt 0:00:27]} 27. Qd3+ {[%emt 0:00:38]} Qg6 {[%emt 0:02:40]} 0-1

[Event "DFMMLV 2019"]
[Site "Braunfels"]
[Date "2019.06.23"]
[Round "5.48"]
[White "Peschel, Julia"]
[Black "Albayrak, Berrak"]
[Result "1/2-1/2"]
[WhiteElo "1275"]
[BlackElo "1491"]
[Annotator "NA"]
[PlyCount "93"]
[EventDate "2019.06.20"]
[EventType "team-tourn"]
[EventCountry "GER"]
[SourceTitle "playchess.com"]
[Source "ChessBase"]
[SourceQuality "1"]
[WhiteTeam "Hessen 2"]
[BlackTeam "Bayern 2"]
[TimeControl "40/5400+30:1800+30"]

1. e4 {[%emt 0:00:00]} d6 {[%emt 0:00:00]} 2. d4 {[%emt 0:00:46]} Nf6 {[%emt 0:00:00]} 3. Bd3 {[%emt 0:00:26]} g6 {[%emt 0:00:01]} 4. Nf3 {[%emt 0:01:00]} Bg7 {[%emt 0:00:12]} 5. Be3 {[%emt 0:03:01]} c6 {[%emt 0:01:01]} 6. h3 {[%emt 0:02:32]} Qc7 {[%emt 0:04:10]} 7. c3 {[%emt 0:03:02]} O-O {[%emt 0:06:19]} 8. O-O {[%emt 0:00:32]} e5 {[%emt 0:01:40]} 9. Qd2 {[%emt 0:02:54]} Re8 {[%emt 0:03:19]} 10. dxe5 {[%emt 0:16:01]} dxe5 {[%emt 0:02:41]} 11. Bh6 {[%emt 0:00:22]} Be6 {[%emt 0:03:42]} 12. Bxg7 {[%emt 0:04:41]} Kxg7 13. Qg5 {[%emt 0:04:25]} Nbd7 {[%emt 0:03:20]} 14. Nbd2 {[%emt 0:00:23]} Rad8 {[%emt 0:08:52]} 15. Rfe1 {[%emt 0:01:43]} Nc5 {[%emt 0:05:10]} 16. Bc2 {[%emt 0:01:07]} Nd3 {[%emt 0:09:12]} 17. Bxd3 {[%emt 0:04:07]} Rxd3 {[%emt 0:00:38]} 18. Nb3 {[%emt 0:00:41]} Bc4 {[%emt 0:08:59]} 19. Nc5 {[%emt 0:06:23]} Rdd8 {[%emt 0:01:00]} 20. Nh4 {[%emt 0:06:03]} Ng8 {[%emt 0:09:51]} 21. Nf5+ {[%emt 0:10:05]} Kf8 {[%emt 0:04:12]} 22. Ne3 {[%emt 0:00:42]} Be6 {[%emt 0:02:22]} 23. Nxe6+ {[%emt 0:01:30]} Rxe6 {[%emt 0:00:50]} 24. Rad1 {[%emt 0:00:15]} f6 {[%emt 0:03:02]} 25. Qg4 {[%emt 0:01:19]} Red6 {[%emt 0:01:18]} 26. Rxd6 {[%emt 0:02:21]} Rxd6 {[%emt 0:01:30]} 27. Nc4 {[%emt 0:00:10]} Rd3 {[%emt 0:01:29]} 28. Qe2 {[%emt 0:03:29]} Qd7 {[%emt 0:02:09]} 29. h4 {[%emt 0:00:48]} b5 {[%emt 0:01:33]} 30. Ne3 {[%emt 0:13:18]} Rd2 {[%emt 0:02:47]} 31. Qf3 {[%emt 0:00:05]} Rxb2 {[%emt 0:00:39]} 32. Ng4 {[%emt 0:00:14]} Kg7 33. Ra1 {[%emt 0:04:11]} c5 {[%emt 0:07:01]} 34. Qe3 {[%emt 0:04:56]} h5 {[%emt 0:01:02]} 35. Nh2 {[%emt 0:00:15]} Qd2 {[%emt 0:00:28]} 36. Qxc5 {[%emt 0:00:35]} Rxa2 {[%emt 0:01:13]} 37. Rxa2 {[%emt 0:00:19]} Qxa2 {[%emt 0:00:13]} 38. Qxb5 {[%emt 0:00:33]} Qa1+ {[%emt 0:02:56]} 39. Nf1 {[%emt 0:00:12]} Qxc3 {[%emt 0:01:40]} 40. Qb7+ {[%emt 0:00:25]} Kf8 {[%emt 0:01:31]} 41. Qb8+ {[%emt 0:08:23]} Kf7 {[%emt 0:00:55]} 42. Qxa7+ {[%emt 0:00:12]} Ne7 {[%emt 0:00:26]} 43. Qa2+ {[%emt 0:00:47]} Kf8 {[%emt 0:01:13]} 44. Qa8+ {[%emt 0:02:50]} Kf7 {[%emt 0:01:06]} 45. Qh8 {[%emt 0:01:26]} Qd4 {[%emt 0:05:30]} 46. Qh7+ {[%emt 0:00:39]} Ke6 47. Ng3 {[%emt 0:02:03]} 1/2-1/2

[Event "DFMMLV 2019"]
[Site "Braunfels"]
[Date "2019.06.23"]
[Round "5.49"]
[White "Zimmer, Elke"]
[Black "Krasnopeyeva, Julia"]
[Result "1-0"]
[WhiteElo "1926"]
[BlackElo "1922"]
[Annotator "NA"]
[PlyCount "71"]
[EventDate "2019.06.20"]
[EventType "team-tourn"]
[EventCountry "GER"]
[SourceTitle "playchess.com"]
[Source "ChessBase"]
[SourceQuality "1"]
[WhiteTeam "Saarland"]
[BlackTeam "Rheinland Pfalz"]
[TimeControl "40/5400+30:1800+30"]

1. e4 {[%emt 0:00:00]} c5 {[%emt 0:00:00]} 2. Nc3 {[%emt 0:00:00]} Nc6 {[%emt 0:00:00]} 3. g3 {[%emt 0:00:00]} e5 {[%emt 0:00:48]} 4. Bg2 {[%emt 0:00:01]} g6 {[%emt 0:01:09]} 5. d3 {[%emt 0:01:31]} Bg7 {[%emt 0:00:37]} 6. Nd5 {[%emt 0:00:26]} d6 {[%emt 0:01:33]} 7. Ne2 {[%emt 0:00:30]} Be6 {[%emt 0:02:07]} 8. c4 {[%emt 0:01:27]} Nd4 {[%emt 0:03:29]} 9. Nxd4 {[%emt 0:05:12]} Bxd5 {[%emt 0:01:01]} 10. cxd5 {[%emt 0:00:30]} c4 {[%emt 0:00:30]} 11. dxc4 {[%emt 0:00:30]} exd4 {[%emt 0:00:30]} 12. Qa4+ {[%emt 0:00:05]} Qd7 {[%emt 0:00:59]} 13. Qxd7+ {[%emt 0:01:41]} Kxd7 {[%emt 0:02:34]} 14. Bg5 {[%emt 0:00:30]} h6 {[%emt 0:00:30]} 15. Bh3+ {[%emt 0:00:00]} Kc7 {[%emt 0:02:21]} 16. Bd2 {[%emt 0:00:00]} Nf6 {[%emt 0:00:59]} 17. Rc1 {[%emt 0:00:26]} b6 18. b4 {[%emt 0:00:09]} Rhe8 {[%emt 0:01:55]} 19. O-O Nd7 20. f4 {[%emt 0:01:06]} Re7 {[%emt 0:05:16]} 21. Rc2 {[%emt 0:03:05]} Rae8 {[%emt 0:02:11]} 22. a4 {[%emt 0:00:32]} Kb7 {[%emt 0:04:41]} 23. Rb1 {[%emt 0:00:56]} Ka8 {[%emt 0:03:04]} 24. b5 {[%emt 0:08:25]} a6 {[%emt 0:00:30]} 25. a5 {[%emt 0:00:30]} bxa5 {[%emt 0:00:50]} 26. Bxd7 {[%emt 0:00:18]} Rxd7 {[%emt 0:00:22]} 27. Bxa5 {[%emt 0:00:07]} axb5 {[%emt 0:00:30]} 28. Bb6 {[%emt 0:00:30]} bxc4 {[%emt 0:00:30]} 29. Rxc4 {[%emt 0:00:30]} f5 {[%emt 0:00:30]} 30. exf5 {[%emt 0:00:30]} Rf7 {[%emt 0:03:14]} 31. h3 {[%emt 0:03:44]} Rxf5 {[%emt 0:01:20]} 32. h4 {[%emt 0:03:21]} Rc8 {[%emt 0:00:30]} 33. h5 {[%emt 0:00:07]} g5 {[%emt 0:02:07]} 34. fxg5 {[%emt 0:02:19]} hxg5 {[%emt 0:00:30]} 35. Bxd4 {[%emt 0:00:30]} Bxd4+ {[%emt 0:00:30]} 36. Rxd4 {[%emt 0:00:30]} 1-0

[Event "DFMMLV 2019"]
[Site "Braunfels"]
[Date "2019.06.23"]
[Round "5.50"]
[White "Kalina, Lena"]
[Black "Noll, Sonja"]
[Result "0-1"]
[WhiteElo "1687"]
[BlackElo "1777"]
[Annotator "NA"]
[PlyCount "66"]
[EventDate "2019.06.20"]
[EventType "team-tourn"]
[EventCountry "GER"]
[SourceTitle "playchess.com"]
[Source "ChessBase"]
[SourceQuality "1"]
[WhiteTeam "Rheinland Pfalz"]
[BlackTeam "Saarland"]
[TimeControl "40/5400+30:1800+30"]

1. d4 {[%emt 0:00:00]} Nc6 {[%emt 0:00:00]} 2. d5 {[%emt 0:00:00]} Ne5 {[%emt 0:00:00]} 3. e4 {[%emt 0:00:45]} e6 {[%emt 0:01:26]} 4. dxe6 {[%emt 0:01:48]} fxe6 {[%emt 0:00:33]} 5. Bf4 {[%emt 0:02:16]} Ng6 {[%emt 0:01:55]} 6. Bg3 {[%emt 0:01:42]} e5 7. Nf3 {[%emt 0:02:51]} Nf6 {[%emt 0:07:16]} 8. Nxe5 {[%emt 0:04:49]} Nxe5 {[%emt 0:02:43]} 9. Bxe5 {[%emt 0:01:12]} Bc5 {[%emt 0:03:07]} 10. Bxf6 {[%emt 0:01:33]} Bxf2+ {[%emt 0:01:09]} 11. Kxf2 {[%emt 0:02:05]} Qxf6+ {[%emt 0:00:06]} 12. Qf3 {[%emt 0:01:58]} Qxb2 {[%emt 0:00:32]} 13. Qc3 {[%emt 0:00:45]} O-O+ {[%emt 0:00:33]} 14. Ke2 {[%emt 0:03:38]} Qb5+ {[%emt 0:01:12]} 15. Ke1 {[%emt 0:02:13]} Qg5 {[%emt 0:02:23]} 16. Nd2 {[%emt 0:04:00]} d5 {[%emt 0:02:05]} 17. Nf3 {[%emt 0:06:05]} Qf4 {[%emt 0:04:42]} 18. exd5 Bg4 {[%emt 0:03:07]} 19. Be2 {[%emt 0:16:11]} Rae8 {[%emt 0:02:19]} 20. Kf2 {[%emt 0:05:03]} Re7 21. Rhe1 {[%emt 0:04:43]} Qxh2 {[%emt 0:30:38]} 22. Rh1 {[%emt 0:06:41]} Rxe2+ {[%emt 0:01:36]} 23. Kxe2 {[%emt 0:01:55]} Qxg2+ 24. Kd3 {[%emt 0:06:28]} Rxf3+ {[%emt 0:02:38]} 25. Kc4 {[%emt 0:01:16]} b5+ {[%emt 0:02:51]} 26. Kb3 {[%emt 0:01:05]} Rxc3+ {[%emt 0:00:27]} 27. Kxc3 {[%emt 0:01:01]} Qxd5 {[%emt 0:00:34]} 28. Rhg1 c5 29. Kb2 {[%emt 0:03:51]} Qd4+ {[%emt 0:06:11]} 30. c3 {[%emt 0:00:40]} Qd2+ {[%emt 0:00:34]} 31. Kb3 {[%emt 0:00:46]} Be6+ {[%emt 0:00:11]} 32. c4 {[%emt 0:00:38]} Bxc4+ {[%emt 0:00:12]} 33. Ka3 {[%emt 0:00:08]} Qc3# 0-1

[Event "DFMMLV 2019"]
[Site "Braunfels"]
[Date "2019.06.23"]
[Round "5.51"]
[White "Ramm, Madlen"]
[Black "Lerch, Cornelia"]
[Result "1-0"]
[WhiteElo "1733"]
[BlackElo "1861"]
[Annotator "NA"]
[PlyCount "33"]
[EventDate "2019.06.20"]
[EventType "team-tourn"]
[EventCountry "GER"]
[SourceTitle "playchess.com"]
[Source "ChessBase"]
[SourceQuality "1"]
[WhiteTeam "Saarland"]
[BlackTeam "Rheinland Pfalz"]
[TimeControl "40/5400+30:1800+30"]

1. e4 {[%emt 0:00:00]} e5 {[%emt 0:00:00]} 2. d4 {[%emt 0:00:00]} exd4 {[%emt 0:00:00]} 3. Qxd4 {[%emt 0:00:00]} Nc6 {[%emt 0:00:21]} 4. Qe3 {[%emt 0:00:00]} Bb4+ {[%emt 0:01:52]} 5. Bd2 {[%emt 0:04:12]} Bxd2+ {[%emt 0:00:29]} 6. Qxd2 {[%emt 0:01:56]} d6 {[%emt 0:00:48]} 7. Nc3 {[%emt 0:00:20]} Nge7 {[%emt 0:00:50]} 8. O-O-O {[%emt 0:01:30]} Be6 {[%emt 0:00:59]} 9. Nge2 {[%emt 0:01:49]} O-O {[%emt 0:06:39]} 10. Nf4 {[%emt 0:03:05]} Bd7 {[%emt 0:00:29]} 11. Be2 {[%emt 0:04:27]} Kh8 {[%emt 0:03:27]} 12. h4 {[%emt 0:01:53]} f5 {[%emt 0:02:43]} 13. h5 {[%emt 0:05:19]} fxe4 {[%emt 0:00:44]} 14. Nxe4 {[%emt 0:05:10]} Nf5 {[%emt 0:00:50]} 15. Ng6+ {[%emt 0:06:52]} hxg6 {[%emt 0:03:10]} 16. hxg6+ {[%emt 0:03:57]} Nh6 {[%emt 0:00:40]} 17. Rxh6+ {[%emt 0:00:21]} 1-0

[Event "DFMMLV 2019"]
[Site "Braunfels"]
[Date "2019.06.23"]
[Round "5.52"]
[White "Marx, Christina"]
[Black "Fuchs, Emily"]
[Result "1/2-1/2"]
[WhiteElo "1605"]
[BlackElo "1384"]
[Annotator "NA"]
[PlyCount "142"]
[EventDate "2019.06.20"]
[EventType "team-tourn"]
[EventCountry "GER"]
[SourceTitle "playchess.com"]
[Source "ChessBase"]
[SourceQuality "1"]
[WhiteTeam "Rheinland Pfalz"]
[BlackTeam "Saarland"]
[TimeControl "40/5400+30:1800+30"]

1. e4 {[%emt 0:00:00]} e5 {[%emt 0:00:00]} 2. Nf3 {[%emt 0:00:00]} Nc6 {[%emt 0:00:00]} 3. Bc4 {[%emt 0:00:00]} Nf6 {[%emt 0:00:00]} 4. d3 {[%emt 0:01:12]} Bc5 {[%emt 0:02:50]} 5. c3 {[%emt 0:00:48]} d5 {[%emt 0:01:51]} 6. exd5 {[%emt 0:00:41]} Nxd5 {[%emt 0:00:39]} 7. O-O {[%emt 0:00:31]} O-O {[%emt 0:10:29]} 8. h3 {[%emt 0:02:58]} a6 {[%emt 0:02:46]} 9. Nbd2 {[%emt 0:07:04]} Bf5 {[%emt 0:08:03]} 10. Ne4 {[%emt 0:00:39]} Bxe4 {[%emt 0:01:13]} 11. dxe4 {[%emt 0:00:39]} Nb6 {[%emt 0:01:49]} 12. Bd5 {[%emt 0:02:41]} Nxd5 {[%emt 0:00:31]} 13. exd5 {[%emt 0:00:08]} Ne7 {[%emt 0:02:04]} 14. Qb3 {[%emt 0:04:40]} Bb6 {[%emt 0:18:39]} 15. Bg5 {[%emt 0:04:51]} Qd6 {[%emt 0:10:14]} 16. c4 {[%emt 0:01:48]} f6 {[%emt 0:02:12]} 17. Bh4 {[%emt 0:00:09]} Kh8 {[%emt 0:01:01]} 18. Bg3 {[%emt 0:01:22]} Qc5 19. Nd2 {[%emt 0:00:24]} a5 {[%emt 0:04:45]} 20. a3 {[%emt 0:00:59]} Nf5 {[%emt 0:02:15]} 21. Bh2 {[%emt 0:02:21]} Nd4 {[%emt 0:03:26]} 22. Qd3 {[%emt 0:01:02]} Qe7 {[%emt 0:02:53]} 23. Kh1 {[%emt 0:01:19]} f5 {[%emt 0:03:49]} 24. f3 {[%emt 0:01:30]} Rae8 {[%emt 0:03:52]} 25. Rae1 {[%emt 0:01:05]} Qf6 {[%emt 0:01:33]} 26. b4 {[%emt 0:01:26]} axb4 {[%emt 0:02:36]} 27. axb4 {[%emt 0:00:04]} c5 {[%emt 0:01:24]} 28. b5 {[%emt 0:00:12]} Ba5 {[%emt 0:01:28]} 29. Rd1 {[%emt 0:01:45]} Bxd2 {[%emt 0:01:50]} 30. Rxd2 {[%emt 0:02:26]} Qe7 {[%emt 0:01:21]} 31. Rdf2 {[%emt 0:05:32]} Kg8 {[%emt 0:02:47]} 32. Qe3 {[%emt 0:02:19]} b6 {[%emt 0:03:45]} 33. f4 {[%emt 0:03:57]} e4 {[%emt 0:00:55]} 34. Ra1 {[%emt 0:00:44]} Ra8 {[%emt 0:01:01]} 35. Ra6 {[%emt 0:00:14]} Rxa6 {[%emt 0:01:23]} 36. bxa6 {[%emt 0:00:03]} Ra8 {[%emt 0:00:20]} 37. Ra2 {[%emt 0:00:05]} b5 {[%emt 0:00:39]} 38. cxb5 {[%emt 0:02:10]} Nxb5 {[%emt 0:00:05]} 39. Bg1 {[%emt 0:01:05]} Nd4 {[%emt 0:02:18]} 40. Qa3 {[%emt 0:00:31]} Qa7 {[%emt 0:00:41]} 41. Qa4 {[%emt 0:31:58]} Rd8 {[%emt 0:09:17]} 42. Qc4 {[%emt 0:00:00]} Rd6 {[%emt 0:06:51]} 43. Bxd4 {[%emt 0:00:00]} cxd4 {[%emt 0:00:32]} 44. Qc8+ {[%emt 0:00:00]} Kf7 {[%emt 0:00:30]} 45. Qxf5+ {[%emt 0:00:00]} Rf6 {[%emt 0:01:25]} 46. Qxe4 {[%emt 0:00:00]} g6 {[%emt 0:06:26]} 47. Ra4 {[%emt 0:00:00]} Rxa6 {[%emt 0:01:26]} 48. Rxa6 {[%emt 0:00:00]} Qxa6 {[%emt 0:00:08]} 49. Qxd4 {[%emt 0:00:00]} Qd6 {[%emt 0:00:41]} 50. Qe5 {[%emt 0:00:00]} Qe7 {[%emt 0:03:55]} 51. d6 {[%emt 0:00:00]} Qe6 {[%emt 0:01:30]} 52. Qd4 {[%emt 0:00:00]} Qd7 {[%emt 0:01:01]} 53. Qd5+ {[%emt 0:00:00]} Qe6 {[%emt 0:00:54]} 54. Qb7+ {[%emt 0:00:00]} Ke8 {[%emt 0:00:26]} 55. Qb8+ {[%emt 0:00:00]} Kd7 {[%emt 0:00:30]} 56. Qc7+ {[%emt 0:00:00]} Ke8 {[%emt 0:00:08]} 57. Qc6+ {[%emt 0:00:00]} Kd8 {[%emt 0:00:49]} 58. Kh2 {[%emt 0:00:00]} Qd7 {[%emt 0:01:34]} 59. Qd5 {[%emt 0:00:00]} Qf5 {[%emt 0:01:05]} 60. Qe5 {[%emt 0:00:00]} Qf7 {[%emt 0:00:48]} 61. g4 {[%emt 0:00:00]} Kd7 {[%emt 0:00:36]} 62. f5 {[%emt 0:00:00]} gxf5 {[%emt 0:00:06]} 63. Qxf5+ {[%emt 0:00:00]} Qxf5 {[%emt 0:00:10]} 64. gxf5 {[%emt 0:00:00]} Kxd6 {[%emt 0:00:04]} 65. Kg3 {[%emt 0:00:00]} Ke5 {[%emt 0:00:22]} 66. Kg4 {[%emt 0:00:00]} Kf6 {[%emt 0:00:15]} 67. Kf4 {[%emt 0:08:30]} h6 {[%emt 0:01:11]} 68. Kg4 {[%emt 0:06:45]} h5+ {[%emt 0:00:29]} 69. Kxh5 {[%emt 0:00:06]} Kxf5 {[%emt 0:00:04]} 70. Kh6 {[%emt 0:00:16]} Kf6 {[%emt 0:00:06]} 71. h4 {[%emt 0:07:41]} Ke5 1/2-1/2